Arjuna hati (Record no. 68850)

MARC details
000 -LEADER
fixed length control field 00663nam a2200253 i 4500
001 - CONTROL NUMBER
control field C2-0256701
003 - CONTROL NUMBER IDENTIFIER
control field PPAK
005 - DATE AND TIME OF LATEST TRANSACTION
control field 20180727224032.0
008 - FIXED-LENGTH DATA ELEMENTS--GENERAL INFORMATION
fixed length control field 040728s2004 my |||| ||||| | may d
020 ## - INTERNATIONAL STANDARD BOOK NUMBER
International Standard Book Number 9831241533
040 ## - CATALOGING SOURCE
Original cataloging agency PPAK
Language of cataloging eng
Transcribing agency PPAK
Description conventions rda
082 04 - DEWEY DECIMAL CLASSIFICATION NUMBER
Classification number 899.233
Edition number 23
090 00 - LOCALLY ASSIGNED LC-TYPE CALL NUMBER (OCLC); LOCAL CALL NUMBER (RLIN)
Classification number (OCLC) (R) ; Classification number, CALL (RLIN) (NR) 899.233
Feature heading NOR
Feature heading G
100 0# - MAIN ENTRY--PERSONAL NAME
Personal name Norzailina Nordin,
Relator term author
245 10 - TITLE STATEMENT
Title Arjuna hati
264 #1 - PRODUCTION, PUBLICATION, DISTRIBUTION, MANUFACTURE, AND COPYRIGHT NOTICE
Place of production, publication, distribution, manufacture Shah Alam, Selangor :
Name of producer, publisher, distributor, manufacturer Alaf 21 ,
Date of production, publication, distribution, manufacture, or copyright notice 2004
300 ## - PHYSICAL DESCRIPTION
Extent 395 pages ;
Dimensions 19 cm
336 ## - CONTENT TYPE
Source rdacontent
Content type term text
337 ## - MEDIA TYPE
Source rdamedia
Media type term unmediated
338 ## - CARRIER TYPE
Source rdacarrier
Carrier type term volume
650 10 - SUBJECT ADDED ENTRY--TOPICAL TERM
Topical term or geographic name entry element Malay fiction
700 0# - ADDED ENTRY--PERSONAL NAME
Personal name Mazuen Yahaya,
Relator term editor
942 ## - ADDED ENTRY ELEMENTS (KOHA)
-- dc
Koha item type Book
Holdings
Withdrawn Not for loan Current library Shelving location Date acquired Total Checkouts Full call number Barcode Date last seen Koha item type
    Perpustakaan Alor Setar Pinjaman Dewasa 05/07/2015   899.233 NOR A00875643 08/05/2018 Book
    Perpustakaan Merbok Pinjaman Dewasa 11/12/2007   899.233 NOR A01212376 08/05/2018 Book
    PD01, Kg. Bendang Raja, Kuala Nerang Pinjaman Dewasa 13/03/2013   899.233 NOR A00869061 08/05/2018 Book
    PD15, Kg. Naga, Kepala Batas Pinjaman Dewasa 22/08/2004   899.233 NOR A01068622 08/05/2018 Book
    PD35, Kg. Sungai Daun, Yan Pinjaman Dewasa 22/08/2004   899.233 NOR A01068618 08/05/2018 Book
    PD36, Kg. Kuala Lanjut, Kota Star Pinjaman Dewasa 22/08/2004   899.233 NOR A01068619 08/05/2018 Book
    PD37, Kg. Belat, Pendang Pinjaman Dewasa 22/08/2004   899.233 NOR A01068620 08/05/2018 Book